000 01623nam0a2200385 4500
001 RU\NLR\bibl\1504440
005 20260531064327.0
010 _a978-5-394-00702-6
_91000
021 _aRU
_b2010-18633
_91253
035 _a(nilc)RSL-KNO-004595400
035 _a(NLR Aleph) 001495870
090 _a1784964
_c1784964
100 _a20100316d2010 |||y0rusy50 ca
101 0 _arus
102 _aRU
105 _ay |||||||||
200 1 _aСловарь-справочник по социологии
_fА.А. Акмалова, В.М. Капицын, А.В. Миронов, В.К. Мокшин
210 _aМосква
_cДашков и К°
_d2010
215 _a303 с.
_d21
300 _aНа обл. авт. не указаны
606 1 _aСоциология
_jСловари
_9893563
_3RU\NLR\auth\663357
610 0 _aСоциология -- Справочные издания -- Словари
686 _aС5я21
_2rubbk
686 _aС5я21
701 1 _4070
_8rus
_7ca
_aАкмалова
_bА. А.
_gАльфия Азгаровна
_3RU\NLR\auth\7763295
_946224
701 1 _aКапицын
_bВ. М.
_gВладимир Михайлович
_4070
701 1 _4070
_8rus
_7ca
_aМиронов
_bА. В.
_cд-р социол. наук
_gАнатолий Васильевич
_3RU\NLR\auth\7773379
_956307
701 1 _4070
_8rus
_7ca
_aМокшин
_bВ. К.
_f1942-
_gВасилий Кириллович
_3RU\NLR\auth\7763349
_946278
801 0 _aRU
_bРГБ
_c20100316
_grcr
801 1 _aRU
_bРГБ
_c20100316
801 2 _aRU
_bNLR
_c20100426
_grcr
830 _aпо кн
942 _cBOOK
980 _aNB